Języki w Indiach - Statystyki

Ogólne statystyki
  • Ten quiz został rozwiązany 17 razy
  • Średni wynik to 5 z 28
Statystyki odpowiedzi
Liczba osób mówiących Język % Poprawnych
422 mln Hindi
100%
60 mln Tamilski
73%
83 mln Bengalski
67%
29 mln Pendżabski
47%
51 mln Urdu
47%
74 mln Telugu
40%
46 mln Gudżarati
33%
37 mln Kannada
33%
33 mln Malajalam
27%
5 mln Kaszmirski
20%
72 mln Marathi
20%
33 mln Orija
7%
2 mln Sindhi
7%
13 mln Assamski
0%
9 mln Bhili
0%
1 mln Bodo
0%
2 mln Dogri
0%
2 mln Gondi
0%
1 mln Ho
0%
2 mln Khandesi
0%
1 mln Khasi
0%
2 mln Konkani
0%
1 mln Kurukh
0%
12 mln Maithili
0%
1 mln Meitei
0%
1 mln Mundari
0%
6 mln Santali
0%
1 mln Tulu
0%
Nie znaleziono quizów pasujących do podanych kryteriów
Rozkład punktacji
Procent ludzi z każdym wynikiem
Percentyl według liczby udzielonych odpowiedzi
Twoja historia wyników
Nie rozwiązałeś tego quizu